[Event "Wch Seniors 65 26th"]
[Site "Marianske Lazne"]
[Date "2016.11.30"]
[Round "11"]
[White "Benson, Lachlan"]
[Black "Usselman, Paul"]
[Result "1/2-1/2"]
[WhiteElo "1988"]
[BlackElo "1798"]
[PlyCount "34"]
[EventDate "2016.11.19"]
[EventType "swiss"]
[EventRounds "11"]
[EventCountry "CZE"]
[SourceTitle "EXT 2018"]
[Source "ChessBase"]
[SourceDate "2017.10.13"]
[SourceVersion "1"]
[SourceVersionDate "2017.10.13"]
[SourceQuality "1"]

1. e4 c5 2. Nf3 a6 3. d4 cxd4 4. Nxd4 Nf6 5. Nc3 e5 6. Nf3 Bb4 7. Bd2 d6 8. Bd3 0-0 9. h3 Nc6 10. a3 Bxc3 11. Bxc3 d5 12. Qe2 dxe4 13. Bxe4 Nxe4 14. Qxe4 Re8 15. 0-0 Qf6 16. Rfe1 Bf5 17. Qe2 Re6 1/2-1/2

[Event "Wch Seniors 65 26th"]
[Site "Marianske Lazne"]
[Date "2016.11.19"]
[Round "1"]
[White "Benson, Lachlan"]
[Black "Birnboim, Nathan"]
[Result "0-1"]
[WhiteElo "1988"]
[BlackElo "2365"]
[PlyCount "146"]
[EventDate "2016.11.19"]
[EventType "swiss"]
[EventRounds "11"]
[EventCountry "CZE"]
[SourceTitle "CBM 175 Extra"]
[Source "ChessBase"]
[SourceDate "2016.12.12"]
[SourceVersion "1"]
[SourceVersionDate "2016.12.12"]
[SourceQuality "1"]

1. e4 c5 2. Nf3 Nc6 3. d4 cxd4 4. Nxd4 Nf6 5. Nc3 e5 6. Nb3 Bb4 7. f3 d5 8. exd5 Nxd5 9. Bd2 Bxc3 10. Bxc3 0-0 11. Qd2 Nxc3 12. Qxc3 Bf5 13. Rd1 Qh4+ 14. g3 Qe7 15. Bd3 Bxd3 16. Rxd3 Nb4 17. Re3 Rfe8 18. Re4 Nd5 19. Qa5 Nf6 20. Re2 b6 21. Qa4 Qb7 22. 0-0 h6 23. Nd2 b5 24. Qb3 Rad8 25. Rfe1 Re6 26. Ne4 Nxe4 27. Rxe4 Rd2 28. R4e2 Qd7 29. Qc3 Rxe2 30. Rxe2 Qd1+ 31. Re1 Qd5 32. a3 a6 33. Qe3 f6 34. Qe4 Qc5+ 35. Kg2 Rd6 36. Qa8+ Kf7 37. Qb7+ Kf8 38. Qa8+ Ke7 39. Qb7+ Rd7 40. Qe4 Rd2+ 41. Re2 Rd1 42. Rf2 Qd5 43. Qxd5 Rxd5 44. Re2 Rd1 45. Kh3 Ke6 46. Kg2 f5 47. Kf2 Rb1 48. c3 Rd1 49. Ke3 a5 50. Rc2 Kd5 51. b3 a4 52. bxa4 bxa4 53. Rb2 Ra1 54. Rb5+ Kd6 55. Ra5 Rxa3 56. Kd3 Ra2 57. Ra6+ Ke7 58. Ra5 Rxh2 59. Rxe5+ Kf6 60. Ra5 Rh3 61. c4 Rxg3 62. c5 Rxf3+ 63. Kd4 Rf1 64. c6 Ke6 65. Rc5 Rd1+ 66. Ke3 Rd8 67. Kf4 g5+ 68. Kf3 Rc8 69. c7 a3 70. Rc6+ Kd5 71. Rxh6 Rxc7 72. Ra6 Rc3+ 73. Kf2 g4 0-1

[Event "Wch Seniors 65 24th"]
[Site "Katerini"]
[Date "2014.11.03"]
[Round "10"]
[White "Malmdin, Nils Ake"]
[Black "Benson, Lachlan"]
[Result "1-0"]
[WhiteElo "2208"]
[BlackElo "1998"]
[PlyCount "60"]
[EventDate "2014.10.24"]
[EventType "swiss"]
[EventRounds "11"]
[EventCountry "GRE"]
[SourceTitle "EXT 2015"]
[Source "ChessBase"]
[SourceDate "2014.11.20"]
[SourceVersion "1"]
[SourceVersionDate "2014.11.20"]
[SourceQuality "1"]

1. e4 c5 2. f4 Nc6 3. Nc3 e6 4. Nf3 a6 5. d4 cxd4 6. Nxd4 Qc7 7. Be3 d6 8. Qf3 Nf6 9. Bd3 Be7 10. 0-0 0-0 11. Kh1 Bd7 12. Qg3 Kh8 13. a3 Rac8 14. Rae1 Na5 15. e5 Ne8 16. Qh3 g6 17. Nf3 d5 18. Bd4 Ng7 19. g4 Nc6 20. Bf2 f5 21. exf6 Bxf6 22. Bxg6 h5 23. Bxh5 Nxh5 24. Qxh5+ Kg8 25. Qg6+ Kh8 26. Bg3 Ne7 27. Qh6+ Kg8 28. f5 Qc6 29. Be5 Bxe5 30. Nxe5 Qb6 1-0

[Event "Wch Seniors 65 24th"]
[Site "Katerini"]
[Date "2014.10.29"]
[Round "6"]
[White "Reuben, Stewart"]
[Black "Benson, Lachlan"]
[Result "1/2-1/2"]
[WhiteElo "2089"]
[BlackElo "1998"]
[PlyCount "108"]
[EventDate "2014.10.24"]
[EventType "swiss"]
[EventRounds "11"]
[EventCountry "GRE"]
[SourceTitle "EXT 2015"]
[Source "ChessBase"]
[SourceDate "2014.11.20"]
[SourceVersion "1"]
[SourceVersionDate "2014.11.20"]
[SourceQuality "1"]

1. c4 Nf6 2. Nc3 e6 3. d4 d5 4. Bg5 c6 5. e3 Nbd7 6. Nf3 Be7 7. Qc2 0-0 8. Bd3 dxc4 9. Bxc4 Nd5 10. Bxe7 Qxe7 11. 0-0 Nxc3 12. Qxc3 Nb6 13. e4 Bd7 14. Bd3 Rac8 15. Qa5 Ra8 16. Rac1 f5 17. Qe5 Qf6 18. Rfe1 Qxe5 19. Nxe5 Rad8 20. Bc4 Nxc4 21. Rxc4 Be8 22. f3 Rf6 23. Kf2 g5 24. a4 Rh6 25. h3 Bg6 26. a5 fxe4 27. fxe4 Rf8+ 28. Kg1 Rf4 29. Rb4 b6 30. Nxc6 Bxe4 31. Nxa7 bxa5 32. Rb5 Bd5 33. Rd1 g4 34. Nc8 Kf7 35. Rxa5 gxh3 36. gxh3 Rxh3 37. Rxd5 exd5 38. b4 Rg3+ 39. Kh2 Rg6 40. Kh3 Rf3+ 41. Kh4 Rc3 42. Rf1+ Ke8 43. Re1+ Kd7 44. Ne7 Rg2 45. Nxd5 Rb3 46. Re4 Kd6 47. Nf4 Rh2+ 48. Kg5 Rxb4 49. Re6+ Kd7 50. d5 Rh1 51. Nh5 Rg1+ 52. Kf5 Rf1+ 53. Kg5 Rg1+ 54. Kf5 Rf1+ 1/2-1/2

[Event "Wch Seniors 23rd"]
[Site "Opatija"]
[Date "2013.11.23"]
[Round "11"]
[White "Bauza Mercere, Eduardo"]
[Black "Benson, Lachlan"]
[Result "0-1"]
[WhiteElo "1811"]
[BlackElo "2039"]
[PlyCount "130"]
[EventDate "2013.11.12"]
[EventType "swiss"]
[EventRounds "11"]
[EventCountry "CRO"]
[SourceTitle "CBM 157 Extra"]
[Source "ChessBase"]
[SourceDate "2013.12.19"]
[SourceVersion "1"]
[SourceVersionDate "2013.12.19"]
[SourceQuality "1"]

1. e4 d5 2. exd5 Qxd5 3. Nc3 Qa5 4. d4 Nf6 5. Bc4 Bf5 6. Bd2 c6 7. Nd5 Qd8 8. Nxf6+ exf6 9. c3 Bd6 10. Nf3 0-0 11. 0-0 Qc7 12. Re1 Nd7 13. Be3 Nb6 14. Bd3 Bxd3 15. Qxd3 Rfe8 16. c4 Bf4 17. Bxf4 Qxf4 18. g3 Qg4 19. Kg2 g6 20. b3 Rad8 21. h3 Qd7 22. Rxe8+ Rxe8 23. Re1 Rxe1 24. Nxe1 Kg7 25. Qe3 Qe6 26. Nd3 Nd7 27. Nf4 Qd6 28. c5 Qf8 29. b4 Qd8 30. Qe4 a6 31. d5 cxd5 32. Qxd5 Qc7 33. Nd3 Qc6 34. Qxc6 bxc6 35. f4 Kf8 36. Kf3 Ke7 37. Ke4 f5+ 38. Kd4 f6 39. h4 Nf8 40. Nb2 Ne6+ 41. Ke3 Nc7 42. Nd3 h6 43. Kd4 Ke6 44. Kc4 Nd5 45. Nc1 g5 46. Ne2 gxh4 47. gxh4 Ne3+ 48. Kd3 Nd5 49. a3 Ne7 50. h5 Nd5 51. Nd4+ Kd7 52. Nxf5 Nxf4+ 53. Ke4 Nxh5 54. Nxh6 Ng3+ 55. Kf3 Nf1 56. Ng4 Ke6 57. Ke2 Ng3+ 58. Kd3 f5 59. Nh2 Kd5 60. Nf3 Ne4 61. Ne1 f4 62. a4 Ng5 63. Nc2 Ne4 64. Nd4 Nf2+ 65. Kc3 Nd1+ 0-1

[Event "Wch Seniors 23rd"]
[Site "Opatija"]
[Date "2013.11.12"]
[Round "1"]
[White "Sloth, Jorn"]
[Black "Benson, Lachlan"]
[Result "1-0"]
[WhiteElo "2338"]
[BlackElo "2039"]
[PlyCount "42"]
[EventDate "2013.11.12"]
[EventType "swiss"]
[EventRounds "11"]
[EventCountry "CRO"]
[SourceTitle "CBM 157 Extra"]
[Source "ChessBase"]
[SourceDate "2013.12.19"]
[SourceVersion "1"]
[SourceVersionDate "2013.12.19"]
[SourceQuality "1"]

1. c4 Nf6 2. Nf3 d5 3. cxd5 Nxd5 4. d4 e6 5. e4 Nf6 6. Nc3 Be7 7. Bd3 0-0 8. 0-0 b6 9. e5 Nd5 10. Qc2 h6 11. Nxd5 exd5 12. Re1 c5 13. Qe2 Nc6 14. Bb1 Bg5 15. Nxg5 hxg5 16. Qh5 g6 17. Qh6 Qe7 18. Bxg5 f6 19. Qxg6+ Qg7 20. Bh6 Qxg6 21. Bxg6 Nxd4 1-0

[Event "Wch Seniors 21st"]
[Site "Rijeka"]
[Date "2011.11.15"]
[Round "1"]
[White "Leskovar, Mario Leopoldo"]
[Black "Benson, Lachlan"]
[Result "1-0"]
[WhiteElo "2316"]
[BlackElo "2007"]
[PlyCount "67"]
[EventDate "2011.11.15"]
[EventType "swiss"]
[EventRounds "11"]
[EventCountry "CRO"]
[SourceTitle "CBM 145 Extra"]
[Source "ChessBase"]
[SourceDate "2012.01.03"]
[SourceVersion "1"]
[SourceVersionDate "2012.01.03"]
[SourceQuality "1"]

1. d4 Nf6 2. c4 e6 3. Nc3 d5 4. cxd5 exd5 5. Bg5 Be7 6. Qc2 0-0 7. e3 c5 8. dxc5 Bxc5 9. Bxf6 gxf6 10. Nf3 Nc6 11. Be2 Nb4 12. Qd2 d4 13. exd4 Bxd4 14. 0-0 Bxc3 15. Qxc3 Qb6 16. Rfd1 Re8 17. Nd4 Be6 18. Bb5 Nc6 19. Qg3+ Kh8 20. Bxc6 bxc6 21. Qf4 c5 22. Qxf6+ Kg8 23. Qg5+ Kh8 24. Qe5+ Kg8 25. Qg3+ Kh8 26. Nxe6 Qxe6 27. Qc3+ Qe5 28. Qxe5+ Rxe5 29. Rd2 Rb8 30. g3 Kg7 31. Rc1 Rb5 32. Kf1 h5 33. Rc3 h4 34. Kg2 1-0

[Event "Wch Seniors 20th"]
[Site "Arco"]
[Date "2010.10.30"]
[Round "5"]
[White "Radomsky, Viacheslav G"]
[Black "Benson, Lachlan"]
[Result "1/2-1/2"]
[WhiteElo "2166"]
[BlackElo "2032"]
[PlyCount "35"]
[EventDate "2010.10.26"]
[EventType "swiss"]
[EventRounds "11"]
[EventCountry "ITA"]
[SourceTitle "EXT 2011"]
[Source "ChessBase"]
[SourceDate "2010.11.26"]
[SourceVersion "1"]
[SourceVersionDate "2010.11.26"]
[SourceQuality "1"]

1. d4 Nf6 2. Nf3 d5 3. c4 dxc4 4. e3 e6 5. Bxc4 c5 6. Nc3 Be7 7. 0-0 0-0 8. Qe2 a6 9. Rd1 Qc7 10. a4 Nc6 11. dxc5 Bxc5 12. h3 Ne5 13. Ba2 Nxf3+ 14. Qxf3 Bd7 15. e4 Bc6 16. Bg5 Be7 17. Qe2 h6 18. Bh4 1/2-1/2